Statistics for Flags of German States

Click here to take the quiz!

General Stats

  • This quiz has been taken 26 times
  • The average score is 12 of 16

Answer Stats

Answer% Correct
Bavaria
100%
Baden-Württemberg
88%
Berlin
88%
Hamburg
88%
Bremen
82%
Lower Saxony
82%
Hesse
76%
North Rhine Westphalia
76%
Saarland
76%
Saxony
76%
Mecklenburg Vorpommern
71%
Saxony-Anhalt
71%
Brandenburg
65%
Rhineland Palatinate
65%
Thuringia
65%
Schleswig-Holstein
59%

Score Distribution

Percentile by Number Answered

Percent of People with Each Score

Your Score History

You have not taken this quiz